000 00402nam a22001577a 4500
003 MPLRDC
005 20220104163441.0
008 210129b ||||| |||| 00| 0 eng d
082 _a246.93 MOR
100 _aJOSEPH SMITH, JUN.
245 _aTHE BOOK OF MORMON
_c
260 _a
_bTHE CHURCH OF JESUS CHRIST
_c1981
300 _b
650 _a基督教宗派--摩门教
942 _cBK
_o246.93 MOR
999 _c56472
_d56462